000 00498nam a2200181Ia 4500
003 GCL
008 140319s9999 xx 000 0 eng d
040 _aGCL /
_cGCL
082 0 4 _a812.08
_bG B
100 1 _aGASSNER, JOHN
245 1 0 _aBEST PLAYS OF THE MODERN AMERICAN THEATRE /
_cGASSNER, JOHN
260 _aنيويورك :
_bCROWN PUBLISHERS ،
_c1947
300 _a24 CM ؛
_cXXX, 774 P
650 0 4 _aAMERICAN THEATRE
650 0 4 _aAMERICAN LITERATURE
650 0 4 _aPLAY
942 _2ddc
_cBK
999 _c4731
_d4731